The Physics of Vibrations and Waves (Record no. 1999)

MARC details
000 -LEADER
Fixed length control field 00429nam a2200169 4500
003 - CONTROL NUMBER IDENTIFIER
Control field SEACOMEC
005 - DATE AND TIME OF LATEST TRANSACTION
Control field 20250212130817.0
008 - FIXED-LENGTH DATA ELEMENTS--GENERAL INFORMATION
Fixed length control field 250212b |||||||| |||| 00| 0 eng d
020 ## - INTERNATIONAL STANDARD BOOK NUMBER / ISBN
International Standard Book Number 978-0470012963
Price 399.00
040 ## - CATALOGING SOURCE
Original cataloging agency SEACOMEC
082 ## - DEWEY DECIMAL CLASSIFICATION NUMBER
Classification number 634
Book Number P144
100 ## - MAIN ENTRY--PERSONAL NAME
Personal name Pain, HJ
245 ## - TITLE STATEMENT
Title The Physics of Vibrations and Waves
Statement of responsibility / HJ Pain
250 ## - EDITION STATEMENT
Edition statement 6th ed
260 ## - IMPRINT
Place of publication New Delhi
Name of publisher : John Wiley
Date of publication , 2005
942 ## - ADDED ENTRY ELEMENTS (KOHA)
Koha item type Books
Holdings
Withdrawn status Lost status Source of classification Damaged status Not for loan Home library Current library Date acquired Total Checkouts Call number Accession number Date last seen Price effective from Koha item type Copy number
    Dewey Decimal Classification     SEACOM ENGINEERING COLLEGE SEACOM ENGINEERING COLLEGE 13/08/2008   634 P144 12833 12/02/2025 12/02/2025 Books  
    Dewey Decimal Classification     SEACOM ENGINEERING COLLEGE SEACOM ENGINEERING COLLEGE 13/08/2008   634 P144 12834 12/02/2025 12/02/2025 Books 1
    Dewey Decimal Classification     SEACOM ENGINEERING COLLEGE SEACOM ENGINEERING COLLEGE 13/08/2008   634 P144 12835 12/02/2025 12/02/2025 Books 2
    Dewey Decimal Classification     SEACOM ENGINEERING COLLEGE SEACOM ENGINEERING COLLEGE 13/08/2008   634 P144 12836 12/02/2025 12/02/2025 Books 3
    Dewey Decimal Classification     SEACOM ENGINEERING COLLEGE SEACOM ENGINEERING COLLEGE 13/08/2008   634 P144 12837 12/02/2025 12/02/2025 Books 4
© Seacom Engineering College, All rights reserved.      Powered by Koha